00485nam a2200145Ia 4500008004100000041000800041082001200049100002300061245004400084260003500128300002900163365001100192999001700203952011900220240624s9999 xx 000 0 und d aeng a823 BUM aBUMILLER ELISABETH aMAY YOU BE THE MOTHER OF A HUNDRED SONS c1991aNew DelhibPenguin India ax, : 306 : p. : cm. ; 23 cRSb25 c23709d23709 00104070aIMTNbIMTNcRack 39-Ad2014-11-05eVBCg250.00o823 BUMp23709r2024-06-24 00:00:00t1w2024-06-24yBK